000 01413nam a22002657a 4500
003 SEM
005 20260428114813.0
008 200813s2000 ai ||||gr||||||01|||arm|d
020 _a9993021482
040 _aSEM
_cSEM
041 _aarm.
080 _a930.27(47.925)(075.8)/Գ-88
100 _aԳրիգորյան Գրիգոր Մեսրոպի
_q(Григорян Григор Месропович)
_d(1930-2018)
245 _aՀայկական վիմագրություն :
_bՀամառոտ ձեռնարկ բուհերի պատմության և բանասիրության ֆակուլտետների համար /
_cԳր. Գրիգորյան; Խմբ.՝ Հ. Մարգարյան; ՀԳԱԱ Հնագիտության և ազգագրության ինստիտուտ; ԵՊՀ
246 _aАрмянская эпиграфика
_bУчебное пособие для вузов /
260 _aԵրևան :
_bԶանգակ-97,
_c2000.
300 _a207 էջ ;
_c20 սմ
504 _aԾանոթագր.՝ էջ 181-196; Հանձնարարվող գրակ. ցանկ՝ էջ 197-197; Օգտ. գրակ. ցանկ՝ էջ 198-204
650 _aՀայկական վիմագրություն
_xձեռնարկ
653 _aՍԷՄ
700 _aՄարգարյան, Հայրապետ
_eխմբ.
_4edt.
710 _a ՀԳԱԱ Հնագիտության և ազգագրության ինստիտուտ;
710 _aԵՊՀ
942 _2udc
_cBK
999 _c44810
_d44810